| 000 | 00000nam##2200000za#4500 |
| 001 | 9.642155 |
| 003 | CaOODSP |
| 005 | 20210624223551 |
| 007 | cr ||||||||||| |
| 008 | 150407|1998||||xxc|||||o f|0| 0 fre|d |
| 040 | |aCaOODSP|bfre |
| 043 | |an-cn--- |
| 086 | 1 |aRH64-96/1998F-PDF |
| 110 | 1 |aCanada.|bDéveloppement des ressources humaines Canada. |bPolitique stratégique. |
| 245 | 10|aÉvaluation du Fonds transitoire pour la création d'emplois (FTCE) (Phase I) : |h[ressource électronique]|brapport final / |c[par] Évaluation et développement des données. |
| 260 | |aOttawa - Ontario : |bDéveloppement des ressources humaines Canada. |cOctobre 1998. |
| 300 | |a46p.|bfigures, graphiques |
| 590 | |a13-16-Supp|b2013-07-12 |
| 775 | 08|tEvaluation of the Transitional Jobs Fund (TJF) (Phase I) : |w(CaOODSP)9.698162 |
| 856 | 40|ahttp://publications.gc.ca|qPDF|s123 Ko|uhttps://publications.gc.ca/collections/collection_2013/rhdcc-hrsdc/RH64-96-1998-fra.pdf |
| 986 | |aSP-AH070F-10-98 |